000 00459nam a2200169Ia 4500
003 GCL
008 140319s9999 xx 000 0 eng d
040 _aGCL /
_cGCL
082 0 4 _a649.122
_bL E
100 1 _aLIBERMANS, ALICIA F.
245 1 0 _aTHE EMOTIONAL LIFE OF THE TODDLER /
_cLIBERMANS, ALICIA F.
260 _a[S.N] :
_bTHE FREE PRESS ،
_c1993
650 0 4 _aCHILD RACRING
650 0 4 _aTODDLERS
650 0 4 _aTODDLERS PSYCHOLOGY
942 _2ddc
_cBK
999 _c21603
_d21603